[Event "ESTCC U65 2018"]
[Site "Walbrzych"]
[Date "2018.04.21"]
[Round "8"]
[White "Wademark, Helge"]
[Black "Patola, Eero"]
[Result "1-0"]
[WhiteElo "2005"]
[BlackElo "1823"]
[Annotator "NA"]
[PlyCount "143"]
[EventDate "2018.??.??"]
[EventCountry "POL"]
[SourceTitle "playchess.com"]
[Source "ChessBase"]
[SourceQuality "1"]
[WhiteTeam "Sweden"]
[BlackTeam "Finland"]
[WhiteTeamCountry "SWE"]
[BlackTeamCountry "FIN"]
[TimeControl "40/5400+30:1800+30"]

1. e4 {[%emt 0:00:00]} d5 {[%emt 0:00:30]} 2. exd5 {[%emt 0:00:00]} Nf6 {[%emt 0:00:12]} 3. Bb5+ {[%emt 0:00:45]} Bd7 {[%emt 0:00:17]} 4. Bc4 {[%emt 0:00:02]} b5 {[%emt 0:00:26]} 5. Bb3 {[%emt 0:00:31]} Bg4 {[%emt 0:00:42]} 6. f3 {[%emt 0:01:14]} Bc8 {[%emt 0:00:16]} 7. d4 {[%emt 0:09:56]} Nxd5 {[%emt 0:03:26]} 8. Ne2 {[%emt 0:00:15]} e6 {[%emt 0:02:42]} 9. O-O {[%emt 0:03:39]} Bd6 {[%emt 0:04:53]} 10. Nbc3 {[%emt 0:03:40]} Nxc3 {[%emt 0:05:33]} 11. Nxc3 {[%emt 0:01:48]} O-O {[%emt 0:00:29]} 12. Nxb5 {[%emt 0:04:44]} Ba6 {[%emt 0:03:26]} 13. Bc4 {[%emt 0:01:09]} Bxb5 {[%emt 0:06:12]} 14. Bxb5 {[%emt 0:00:04]} Qh4 $16 {[%emt 0:01:03]} (14... c6 $142 15. Bd3 Nd7) 15. f4 {[%emt 0:00:42]} Rd8 {[%emt 0:03:38]} 16. Qf3 {[%emt 0:02:27]} c6 {[%emt 0:01:55]} 17. Bd3 {[%emt 0:00:26]} a5 {[%emt 0:06:03]} 18. c3 {[%emt 0:04:04]} Ra7 {[%emt 0:01:01]} 19. Be3 {[%emt 0:01:06]} Rc7 {[%emt 0:01:50]} 20. Rad1 {[%emt 0:01:32]} Nd7 {[%emt 0:01:28]} 21. g3 {[%emt 0:02:26]} Qe7 {[%emt 0:00:25]} 22. a3 {[%emt 0:03:04]} Nf6 {[%emt 0:02:50]} 23. f5 {[%emt 0:10:37]} Rb8 24. Bc1 {[%emt 0:01:41]} c5 {[%emt 0:13:53]} 25. fxe6 {[%emt 0:01:19]} Qxe6 {[%emt 0:02:16]} 26. d5 {[%emt 0:02:52]} Qg4 {[%emt 0:09:18]} 27. c4 {[%emt 0:05:46]} Qxf3 {[%emt 0:02:19]} 28. Rxf3 {[%emt 0:00:14]} Re7 {[%emt 0:02:04]} 29. Rff1 {[%emt 0:08:42]} Ng4 {[%emt 0:03:48]} 30. Rde1 {[%emt 0:01:48]} Rxe1 {[%emt 0:01:26]} 31. Rxe1 {[%emt 0:00:03]} Ne5 {[%emt 0:00:39]} 32. Be2 {[%emt 0:02:10]} f6 {[%emt 0:02:04]} 33. Kf2 {[%emt 0:00:49]} Kf7 {[%emt 0:00:52]} 34. Ke3 g6 {[%emt 0:04:06]} 35. Kd2 {[%emt 0:02:32]} Nd7 {[%emt 0:02:28]} 36. Kc2 {[%emt 0:03:36]} Be5 {[%emt 0:00:35]} 37. Bd3 {[%emt 0:00:21]} Rb6 {[%emt 0:00:59]} 38. b3 {[%emt 0:01:25]} a4 {[%emt 0:03:29]} 39. bxa4 {[%emt 0:00:41]} Ra6 {[%emt 0:01:01]} 40. Kb3 {[%emt 0:00:00]} Rb6+ {[%emt 0:01:10]} 41. Ka2 {[%emt 0:00:30]} Ra6 {[%emt 0:00:21]} 42. Bc2 {[%emt 0:00:45]} Nb6 {[%emt 0:00:33]} 43. Bb3 {[%emt 0:00:19]} Nxa4 {[%emt 0:00:49]} 44. Bxa4 {[%emt 0:00:50]} Rxa4 {[%emt 0:00:29]} 45. Re4 {[%emt 0:00:17]} Ke7 {[%emt 0:07:45]} 46. Bb2 {[%emt 0:01:51]} Kd6 {[%emt 0:00:18]} 47. Bxe5+ {[%emt 0:00:18]} fxe5 {[%emt 0:00:47]} 48. Kb3 {[%emt 0:00:23]} Ra7 {[%emt 0:00:34]} 49. Re2 {[%emt 0:00:28]} Rb7+ {[%emt 0:01:39]} 50. Kc3 {[%emt 0:00:04]} Ra7 {[%emt 0:00:19]} 51. Ra2 {[%emt 0:00:10]} e4 {[%emt 0:00:53]} 52. a4 {[%emt 0:00:11]} Ra5 {[%emt 0:00:54]} 53. Kd2 {[%emt 0:00:14]} Ke5 {[%emt 0:01:33]} 54. Ke3 {[%emt 0:00:02]} h5 {[%emt 0:01:17]} 55. h3 {[%emt 0:00:12]} Kf5 {[%emt 0:01:26]} 56. g4+ {[%emt 0:01:40]} hxg4 {[%emt 0:00:59]} 57. hxg4+ {[%emt 0:00:10]} Ke5 {[%emt 0:00:05]} 58. Ra1 Ra8 {[%emt 0:09:43]} 59. a5 {[%emt 0:00:24]} Rh8 {[%emt 0:00:12]} 60. a6 {[%emt 0:00:12]} Rh3+ {[%emt 0:00:39]} 61. Kf2 {[%emt 0:00:18]} Rh2+ {[%emt 0:01:26]} 62. Kg3 {[%emt 0:00:38]} Rh8 {[%emt 0:00:17]} 63. a7 {[%emt 0:00:06]} Ra8 {[%emt 0:00:13]} 64. Kf2 {[%emt 0:00:21]} Kd4 {[%emt 0:03:40]} 65. d6 {[%emt 0:00:20]} Kd3 {[%emt 0:00:47]} 66. d7 {[%emt 0:01:51]} Kd2 {[%emt 0:00:25]} 67. Ra2+ {[%emt 0:00:27]} Kd3 {[%emt 0:02:20]} 68. d8=Q+ {[%emt 0:00:14]} Rxd8 {[%emt 0:00:24]} 69. a8=Q {[%emt 0:00:17]} e3+ {[%emt 0:01:08]} 70. Ke1 {[%emt 0:00:11]} Rxa8 71. Rxa8 {[%emt 0:00:04]} Kxc4 {[%emt 0:01:48]} 72. Rd8 {[%emt 0:00:06] Kd5} 1-0

[Event "ESTCC U65 2018"]
[Site "Walbrzych"]
[Date "2018.04.21"]
[Round "8"]
[White "Tichatschke, Wolfgang"]
[Black "Jorgensen, Arne Bjorn"]
[Result "1/2-1/2"]
[WhiteElo "1967"]
[BlackElo "1956"]
[Annotator "NA"]
[PlyCount "28"]
[EventDate "2018.??.??"]
[EventCountry "POL"]
[SourceTitle "playchess.com"]
[Source "ChessBase"]
[SourceQuality "1"]
[WhiteTeam "Germany"]
[BlackTeam "Denmark"]
[WhiteTeamCountry "GER"]
[BlackTeamCountry "DEN"]
[TimeControl "40/5400+30:1800+30"]

1. e4 {[%emt 0:00:00]} e6 {[%emt 0:00:04]} 2. d4 {[%emt 0:00:00]} d5 {[%emt 0:00:04]} 3. Nc3 {[%emt 0:00:00]} dxe4 {[%emt 0:00:13]} 4. Nxe4 {[%emt 0:00:08]} Be7 {[%emt 0:00:08]} 5. c3 {[%emt 0:01:18]} Nd7 {[%emt 0:00:14]} 6. Nf3 {[%emt 0:01:41]} Ngf6 {[%emt 0:00:15]} 7. Nxf6+ {[%emt 0:01:22]} Nxf6 {[%emt 0:00:16]} 8. Bg5 {[%emt 0:01:56]} O-O {[%emt 0:00:21]} 9. Bd3 {[%emt 0:01:55]} b6 {[%emt 0:02:13]} 10. O-O {[%emt 0:07:15]} Bb7 {[%emt 0:00:24]} 11. Re1 {[%emt 0:03:38]} h6 {[%emt 0:01:30]} 12. Bh4 {[%emt 0:01:50]} Rc8 {[%emt 0:01:20]} 13. Bxf6 {[%emt 0:06:21]} Bxf6 {[%emt 0:01:38]} 14. Be4 {[%emt 0:00:35]} Ra8 1/2-1/2

[Event "ESTCC U65 2018"]
[Site "Walbrzych"]
[Date "2018.04.21"]
[Round "8"]
[White "Lehtosaari, Kalevi"]
[Black "Baum, Bernd"]
[Result "0-1"]
[WhiteElo "1964"]
[BlackElo "2290"]
[Annotator "NA"]
[PlyCount "82"]
[EventDate "2018.??.??"]
[EventCountry "POL"]
[SourceTitle "playchess.com"]
[Source "ChessBase"]
[SourceQuality "1"]
[WhiteTeam "Finland"]
[BlackTeam "Germany"]
[WhiteTeamCountry "FIN"]
[BlackTeamCountry "GER"]
[TimeControl "40/5400+30:1800+30"]

1. c4 e6 2. Nc3 d5 3. d4 Nf6 {[%emt 0:00:21]} 4. Bf4 c6 {[%emt 0:06:41] LiveBook: 14 Games} 5. e3 {[%emt 0:00:53]} Nbd7 {[%emt 0:00:43]} 6. Nf3 {[%emt 0:01:03]} Be7 {[%emt 0:01:37]} 7. Bd3 {[%emt 0:01:46]} Nh5 {[%emt 0:05:43]} 8. Bg3 {[%emt 0:01:04]} Nxg3 {[%emt 0:02:07]} 9. hxg3 {[%emt 0:00:43]} Nf6 {[%emt 0:03:01]} 10. Qc2 {[%emt 0:01:54]} h6 {[%emt 0:03:10]} 11. Ne5 {[%emt 0:04:36]} Bd6 {[%emt 0:05:33]} 12. O-O-O $11 {[%emt 0:02:43]} (12. f4 $14) 12... Bxe5 {[%emt 0:19:40]} 13. dxe5 {[%emt 0:01:00]} Ng4 {[%emt 0:01:47]} 14. cxd5 {[%emt 0:01:28]} exd5 {[%emt 0:01:44]} 15. Rh5 {[%emt 0:20:28]} Qe7 {[%emt 0:03:25]} 16. Nxd5 {[%emt 0:04:46]} cxd5 {[%emt 0:00:38]} 17. Bb5+ {[%emt 0:01:52]} Kf8 {[%emt 0:04:18]} 18. Rxd5 {[%emt 0:03:01]} Be6 {[%emt 0:01:11]} 19. Rc5 {[%emt 0:00:40]} g6 {[%emt 0:02:18]} 20. Rh4 {[%emt 0:04:01]} Kg7 {[%emt 0:00:24]} 21. Rc7 {[%emt 0:02:19]} Qxc7 {[%emt 0:00:11]} 22. Qxc7 {[%emt 0:00:05]} Rac8 {[%emt 0:00:16]} 23. Qxc8 {[%emt 0:01:09]} Rxc8+ {[%emt 0:01:25]} 24. Kd2 {[%emt 0:00:19]} g5 {[%emt 0:00:58]} 25. Rh1 {[%emt 0:06:01]} Nxf2 {[%emt 0:01:49]} 26. Re1 {[%emt 0:02:57]} a6 {[%emt 0:02:20]} 27. Ba4 {[%emt 0:01:00]} Ne4+ {[%emt 0:00:40]} 28. Ke2 {[%emt 0:00:33]} Bg4+ {[%emt 0:01:41]} 29. Kf1 {[%emt 0:00:21]} Nxg3+ {[%emt 0:00:23]} 30. Kf2 {[%emt 0:00:21]} Ne4+ {[%emt 0:00:17]} 31. Kg1 {[%emt 0:00:12]} Be6 {[%emt 0:01:17]} 32. a3 {[%emt 0:00:32]} Nc5 {[%emt 0:01:18]} 33. Bc2 {[%emt 0:01:28]} Nd7 {[%emt 0:02:00]} 34. Be4 {[%emt 0:00:36]} Rc7 {[%emt 0:00:04]} 35. Rd1 {[%emt 0:02:39]} Nxe5 {[%emt 0:00:47]} 36. Bd5 {[%emt 0:01:03]} Rd7 {[%emt 0:02:14]} 37. e4 {[%emt 0:00:03]} f5 {[%emt 0:00:51]} 38. Rc1 {[%emt 0:01:51]} Bxd5 {[%emt 0:00:24]} 39. exd5 {[%emt 0:00:10]} Rxd5 {[%emt 0:00:05]} 40. Rc7+ {[%emt 0:00:00]} Rd7 {[%emt 0:00:07]} 41. Rc5 {[%emt 0:00:30]} Kf6 {[%emt 0:00:16]} 0-1

[Event "ESTCC U65 2018"]
[Site "Walbrzych"]
[Date "2018.04.21"]
[Round "8"]
[White "Kauko, Pekka"]
[Black "Vehkalahti, Veli"]
[Result "1-0"]
[WhiteElo "1961"]
[BlackElo "1880"]
[Annotator "NA"]
[PlyCount "113"]
[EventDate "2018.??.??"]
[EventCountry "POL"]
[SourceTitle "playchess.com"]
[Source "ChessBase"]
[SourceQuality "1"]
[WhiteTeam "Finland"]
[BlackTeam "Finland"]
[WhiteTeamCountry "FIN"]
[BlackTeamCountry "FIN"]
[TimeControl "40/5400+30:1800+30"]

1. c4 {[%emt 0:00:00]} c6 {[%emt 0:02:12]} 2. g3 {[%emt 0:00:54]} d5 {[%emt 0:00:09]} 3. d4 {[%emt 0:00:50]} Nf6 {[%emt 0:00:11]} 4. Bg2 {[%emt 0:00:13]} g6 {[%emt 0:03:12]} 5. Nc3 {[%emt 0:01:01]} Bg7 {[%emt 0:00:42]} 6. Nf3 {[%emt 0:00:11]} O-O {[%emt 0:00:40]} 7. O-O {[%emt 0:00:14]} Bg4 {[%emt 0:06:27]} 8. Ne5 {[%emt 0:01:27]} Be6 {[%emt 0:03:50]} 9. Qb3 {[%emt 0:01:28]} b6 {[%emt 0:07:05]} 10. Qa4 {[%emt 0:12:16]} dxc4 {[%emt 0:08:02]} 11. Nxc6 {[%emt 0:06:22]} Nxc6 {[%emt 0:00:52]} 12. Bxc6 $11 {[%emt 0:00:16]} Rc8 {[%emt 0:07:15]} 13. Bf3 {[%emt 0:01:30]} a5 {[%emt 0:03:48]} 14. Rd1 {[%emt 0:01:15]} Bd7 {[%emt 0:04:16]} 15. Qc2 {[%emt 0:01:35]} b5 {[%emt 0:01:30]} 16. a3 {[%emt 0:01:15]} Qb6 {[%emt 0:04:29]} 17. Be3 {[%emt 0:05:55]} Qb8 {[%emt 0:01:30]} 18. Qd2 {[%emt 0:02:42]} Rfd8 {[%emt 0:02:26]} 19. Bf4 {[%emt 0:00:56]} Qb6 {[%emt 0:01:34]} 20. e4 {[%emt 0:06:19]} Bg4 {[%emt 0:04:01]} 21. Bxg4 {[%emt 0:03:49]} Nxg4 {[%emt 0:00:30]} 22. Nd5 {[%emt 0:01:00]} Qa7 {[%emt 0:02:59]} 23. Qe2 {[%emt 0:00:41]} Nf6 {[%emt 0:05:50]} 24. Nxf6+ {[%emt 0:00:32]} exf6 {[%emt 0:03:58]} 25. d5 {[%emt 0:01:02]} Bf8 {[%emt 0:01:29]} 26. Qf3 {[%emt 0:01:18]} Bc5 {[%emt 0:01:34]} 27. Rac1 {[%emt 0:07:44]} Bd4 {[%emt 0:08:28]} 28. Rc2 {[%emt 0:00:43]} b4 {[%emt 0:02:52]} 29. axb4 {[%emt 0:00:58]} axb4 {[%emt 0:00:03]} 30. Rcd2 Be5 {[%emt 0:05:10]} 31. Bxe5 {[%emt 0:09:22]} fxe5 {[%emt 0:00:02]} 32. Rc2 {[%emt 0:00:25]} Rc5 {[%emt 0:04:27]} 33. Rdc1 {[%emt 0:02:12]} Qc7 {[%emt 0:00:16]} 34. Qf6 {[%emt 0:02:12]} Rb8 {[%emt 0:03:07]} 35. b3 {[%emt 0:03:14]} Rb6 {[%emt 0:00:24]} 36. Qg5 {[%emt 0:02:00]} c3 {[%emt 0:00:03]} 37. Ra1 {[%emt 0:00:51]} Kg7 {[%emt 0:00:58]} 38. Rca2 {[%emt 0:00:00]} h6 {[%emt 0:00:00]} 39. Qe3 {[%emt 0:00:00]} Rcb5 {[%emt 0:00:00]} 40. Qd3 {[%emt 0:00:00]} Qd6 {[%emt 0:01:49]} 41. Ra5 {[%emt 0:07:27]} Rxa5 {[%emt 0:07:14]} 42. Rxa5 {[%emt 0:00:03]} Qc7 {[%emt 0:00:40]} 43. Qe3 {[%emt 0:03:31]} Qb7 {[%emt 0:02:59]} 44. Qc5 {[%emt 0:01:15]} Ra6 {[%emt 0:03:33]} 45. Rb5 {[%emt 0:02:46]} Qxb5 {[%emt 0:03:59]} 46. Qxb5 {[%emt 0:00:03]} Ra1+ {[%emt 0:00:05]} 47. Kg2 {[%emt 0:00:11]} c2 {[%emt 0:00:03]} 48. d6 {[%emt 0:00:08]} c1=Q {[%emt 0:00:08]} 49. Qxe5+ {[%emt 0:00:20]} Kh7 {[%emt 0:00:38]} 50. Qe7 {[%emt 0:00:45]} Qc6 {[%emt 0:03:12]} 51. Qxf7+ {[%emt 0:00:36]} Kh8 {[%emt 0:00:01]} 52. Qf6+ {[%emt 0:00:53]} Kh7 {[%emt 0:00:59]} 53. Qxa1 {[%emt 0:00:35]} Qxe4+ {[%emt 0:00:37]} 54. Kg1 {[%emt 0:00:42]} Qb7 {[%emt 0:04:08]} 55. Qe5 {[%emt 0:00:34]} Qf3 {[%emt 0:01:01]} 56. Qe6 {[%emt 0:00:42]} h5 {[%emt 0:00:52]} 57. d7 {[%emt 0:00:26]} 1-0

[Event "ESTCC U65 2018"]
[Site "Walbrzych"]
[Date "2018.04.21"]
[Round "8"]
[White "Mortensen, Steen Juul"]
[Black "Baumbach, Friedrich"]
[Result "1/2-1/2"]
[WhiteElo "1940"]
[BlackElo "2172"]
[Annotator "NA"]
[PlyCount "21"]
[EventDate "2018.??.??"]
[EventCountry "POL"]
[SourceTitle "playchess.com"]
[Source "ChessBase"]
[SourceQuality "1"]
[WhiteTeam "Denmark"]
[BlackTeam "Germany"]
[WhiteTeamCountry "DEN"]
[BlackTeamCountry "GER"]
[TimeControl "40/5400+30:1800+30"]

1. d4 d5 2. Nf3 Nf6 3. c4 e6 4. g3 Be7 5. Bg2 O-O 6. Qc2 b6 7. O-O Bb7 8. cxd5 Nxd5 9. Nc3 Nd7 10. Nxd5 exd5 11. Bf4 1/2-1/2

[Event "ESTCC U65 2018"]
[Site "Walbrzych"]
[Date "2018.04.21"]
[Round "8"]
[White "Nilsson, Christer"]
[Black "Lindholm, Pertti"]
[Result "1/2-1/2"]
[WhiteElo "1931"]
[BlackElo "1624"]
[Annotator "NA"]
[PlyCount "76"]
[EventDate "2018.??.??"]
[EventCountry "POL"]
[SourceTitle "playchess.com"]
[Source "ChessBase"]
[SourceQuality "1"]
[WhiteTeam "Sweden"]
[BlackTeam "Finland"]
[WhiteTeamCountry "SWE"]
[BlackTeamCountry "FIN"]
[TimeControl "40/5400+30:1800+30"]

1. e4 {[%emt 0:00:00]} c5 {[%emt 0:00:14]} 2. Nf3 {[%emt 0:00:00]} d6 {[%emt 0:00:14]} 3. d4 {[%emt 0:00:00]} cxd4 {[%emt 0:00:11]} 4. Nxd4 {[%emt 0:00:08]} Nf6 {[%emt 0:00:13]} 5. Nc3 {[%emt 0:00:08]} a6 {[%emt 0:00:31]} 6. Be2 {[%emt 0:00:33]} e5 {[%emt 0:01:07]} 7. Nb3 {[%emt 0:00:15]} Be6 {[%emt 0:00:58]} 8. f4 Nc6 {[%emt 0:02:29]} 9. f5 {[%emt 0:09:10]} Bxb3 {[%emt 0:02:01]} 10. axb3 {[%emt 0:02:04]} Be7 {[%emt 0:03:10]} 11. Be3 {[%emt 0:04:53]} O-O {[%emt 0:01:32]} 12. O-O {[%emt 0:04:53]} Rc8 {[%emt 0:01:29]} 13. g4 {[%emt 0:08:40]} Ne8 {[%emt 0:03:14]} 14. Qd2 $16 {[%emt 0:01:45]} g6 {[%emt 0:06:44]} 15. Kh1 {[%emt 0:05:38]} Bh4 {[%emt 0:04:21]} 16. Bh6 {[%emt 0:04:46]} Ng7 {[%emt 0:00:40]} 17. Bc4 {[%emt 0:00:50]} Nd4 {[%emt 0:03:01]} 18. Nd5 {[%emt 0:03:43]} Re8 {[%emt 0:02:59]} 19. f6 {[%emt 0:03:31]} Nge6 {[%emt 0:00:57]} 20. Ra3 {[%emt 0:05:58]} Nxc2 {[%emt 0:02:47]} 21. Qxc2 {[%emt 0:04:33]} b5 {[%emt 0:00:19]} 22. Rxa6 {[%emt 0:03:49]} bxc4 {[%emt 0:00:18]} 23. bxc4 {[%emt 0:00:14]} Nd4 {[%emt 0:01:39]} 24. Qd3 {[%emt 0:00:49]} Rb8 {[%emt 0:01:35]} 25. b4 {[%emt 0:00:48]} Qc8 26. Qh3 {[%emt 0:04:45]} Qxa6 {[%emt 0:03:15]} 27. Qxh4 {[%emt 0:00:25]} Qxc4 {[%emt 0:00:24]} 28. Qe1 {[%emt 0:01:40]} Nc6 {[%emt 0:01:18]} 29. Rf3 {[%emt 0:01:49]} Nd4 {[%emt 0:05:12]} 30. Rc3 {[%emt 0:00:51]} Qa2 {[%emt 0:01:36]} 31. Bd2 {[%emt 0:03:08]} Qa7 {[%emt 0:03:25]} 32. Qe3 {[%emt 0:01:27]} Qa6 {[%emt 0:01:12]} 33. Kg2 {[%emt 0:04:45]} Ne6 {[%emt 0:01:14]} 34. Kf2 {[%emt 0:02:54]} Ra8 {[%emt 0:03:09]} 35. Qh6 {[%emt 0:03:09]} Qa7+ {[%emt 0:01:02]} 36. Be3 {[%emt 0:03:31]} Qa2+ {[%emt 0:00:57]} 37. Bd2 {[%emt 0:02:07]} Qa7+ {[%emt 0:00:36]} 38. Be3 {[%emt 0:03:49]} Qa2+ {[%emt 0:00:07]} 1/2-1/2

[Event "ESTCC U65 2018"]
[Site "Walbrzych"]
[Date "2018.04.21"]
[Round "8"]
[White "Gustavsson, Bo"]
[Black "Giulian, Philip M"]
[Result "1/2-1/2"]
[WhiteElo "1915"]
[BlackElo "2124"]
[Annotator "NA"]
[PlyCount "30"]
[EventDate "2018.??.??"]
[EventCountry "POL"]
[SourceTitle "playchess.com"]
[Source "ChessBase"]
[SourceQuality "1"]
[WhiteTeam "Sweden"]
[BlackTeam "Scotland"]
[WhiteTeamCountry "SWE"]
[BlackTeamCountry "SCO"]
[TimeControl "40/5400+30:1800+30"]

1. Nf3 {[%emt 0:00:00]} d5 {[%emt 0:00:05]} 2. d4 {[%emt 0:00:00]} e6 {[%emt 0:00:13]} 3. Bf4 {[%emt 0:00:00]} Bd6 {[%emt 0:00:09]} 4. Bg3 {[%emt 0:00:00]} Nf6 {[%emt 0:00:11]} 5. e3 {[%emt 0:00:02]} O-O {[%emt 0:00:16]} 6. c4 c5 {[%emt 0:03:17]} 7. Bxd6 {[%emt 0:02:49]} Qxd6 {[%emt 0:00:07]} 8. dxc5 {[%emt 0:07:06]} Qxc5 {[%emt 0:00:07]} 9. Qd4 {[%emt 0:01:07]} Qb4+ {[%emt 0:04:01]} 10. Qc3 {[%emt 0:00:11]} Nc6 {[%emt 0:00:10]} 11. a3 {[%emt 0:00:18]} Qxc3+ {[%emt 0:12:59]} 12. Nxc3 {[%emt 0:00:02]} dxc4 {[%emt 0:00:10]} 13. Bxc4 {[%emt 0:00:10]} a6 {[%emt 0:00:05]} 14. Bd3 {[%emt 0:03:04]} Rd8 {[%emt 0:13:37]} 15. Ke2 {[%emt 0:02:10]} e5 $14 1/2-1/2

[Event "ESTCC U65 2018"]
[Site "Walbrzych"]
[Date "2018.04.21"]
[Round "8"]
[White "Marks, Ian A"]
[Black "Andersson, Kenneth"]
[Result "1-0"]
[WhiteElo "1895"]
[BlackElo "1763"]
[Annotator "NA"]
[PlyCount "63"]
[EventDate "2018.??.??"]
[EventCountry "POL"]
[SourceTitle "playchess.com"]
[Source "ChessBase"]
[SourceQuality "1"]
[WhiteTeam "Scotland"]
[BlackTeam "Sweden"]
[WhiteTeamCountry "SCO"]
[BlackTeamCountry "SWE"]
[TimeControl "40/5400+30:1800+30"]

1. d4 {[%emt 0:00:00]} d5 {[%emt 0:00:08]} 2. c4 {[%emt 0:00:00]} c6 {[%emt 0:01:07]} 3. Nf3 {[%emt 0:00:08]} Nf6 {[%emt 0:00:20]} 4. Nc3 {[%emt 0:00:09]} Bf5 {[%emt 0:00:35]} 5. cxd5 {[%emt 0:00:22]} Nxd5 {[%emt 0:02:02]} 6. Nd2 {[%emt 0:04:57]} Nxc3 {[%emt 0:01:22]} 7. bxc3 {[%emt 0:00:06]} e6 {[%emt 0:00:51]} 8. e4 {[%emt 0:00:37]} Bg6 {[%emt 0:00:33]} 9. Bd3 {[%emt 0:04:54]} Be7 {[%emt 0:00:27]} 10. O-O {[%emt 0:00:26]} Nd7 {[%emt 0:00:44]} 11. f4 {[%emt 0:06:20]} h6 {[%emt 0:00:57]} 12. Qe2 {[%emt 0:03:20]} O-O {[%emt 0:00:41]} 13. Nf3 {[%emt 0:06:45]} b5 {[%emt 0:05:35]} 14. Kh1 {[%emt 0:03:12]} a6 {[%emt 0:00:59]} 15. Be3 {[%emt 0:01:47]} Re8 {[%emt 0:02:36]} 16. Rad1 {[%emt 0:02:48]} Rc8 $16 {[%emt 0:03:13]} 17. Ne5 {[%emt 0:01:58]} Nxe5 {[%emt 0:04:28]} 18. dxe5 {[%emt 0:00:20]} Qc7 {[%emt 0:01:26]} 19. f5 {[%emt 0:01:34]} exf5 {[%emt 0:01:31]} 20. exf5 {[%emt 0:00:14]} Bh7 {[%emt 0:00:52]} 21. f6 {[%emt 0:01:44]} Bxd3 {[%emt 0:01:44]} 22. Rxd3 {[%emt 0:00:23]} Bf8 {[%emt 0:00:28]} 23. Bxh6 {[%emt 0:07:29]} Qxe5 {[%emt 0:05:59]} 24. Re3 {[%emt 0:00:58]} Qb8 {[%emt 0:02:48]} 25. Bxg7 {[%emt 0:02:04]} Rxe3 {[%emt 0:01:13]} 26. Qxe3 {[%emt 0:00:40]} Bxg7 27. Qg5 Kf8 {[%emt 0:18:52]} 28. Qxg7+ {[%emt 0:02:51]} Ke8 {[%emt 0:00:15]} 29. Qg8+ {[%emt 0:00:14]} Kd7 {[%emt 0:00:51]} 30. Qxf7+ {[%emt 0:00:09]} Kd6 {[%emt 0:03:52]} 31. Qe7+ {[%emt 0:00:11]} Kd5 {[%emt 0:00:16]} 32. Ra1 1-0

[Event "ESTCC U65 2018"]
[Site "Walbrzych"]
[Date "2018.04.21"]
[Round "8"]
[White "Karppinen, Martti"]
[Black "Rantanen, Veikko"]
[Result "1/2-1/2"]
[WhiteElo "1894"]
[BlackElo "2007"]
[Annotator "NA"]
[PlyCount "100"]
[EventDate "2018.??.??"]
[EventCountry "POL"]
[SourceTitle "playchess.com"]
[Source "ChessBase"]
[SourceQuality "1"]
[WhiteTeam "Finland"]
[BlackTeam "Finland"]
[WhiteTeamCountry "FIN"]
[BlackTeamCountry "FIN"]
[TimeControl "40/5400+30:1800+30"]

1. c4 {[%emt 0:01:17]} Nf6 {[%emt 0:00:10]} 2. Nc3 {[%emt 0:00:09]} g6 {[%emt 0:00:12]} 3. g3 {[%emt 0:00:25]} Bg7 {[%emt 0:00:10]} 4. Bg2 {[%emt 0:00:12]} c5 {[%emt 0:01:42]} 5. Nf3 {[%emt 0:01:24]} Nc6 {[%emt 0:00:09] LiveBook: 1646 Games} 6. O-O {[%emt 0:01:48]} O-O {[%emt 0:01:30]} 7. d3 {[%emt 0:01:55]} d6 {[%emt 0:00:33]} 8. Bg5 {[%emt 0:00:35]} Rb8 {[%emt 0:03:38]} 9. Qd2 {[%emt 0:01:40]} a6 {[%emt 0:00:35]} 10. Bh6 {[%emt 0:05:16]} b5 {[%emt 0:01:36]} 11. Bxg7 {[%emt 0:01:17]} Kxg7 {[%emt 0:00:06]} 12. a3 {[%emt 0:09:47]} Na5 {[%emt 0:01:36]} 13. Rab1 {[%emt 0:16:12]} bxc4 {[%emt 0:01:10]} 14. Nh4 $19 {[%emt 0:03:42]} cxd3 {[%emt 0:00:49]} 15. exd3 {[%emt 0:00:54]} Nb3 {[%emt 0:00:51]} 16. Qe3 {[%emt 0:03:47]} Nd4 {[%emt 0:00:49]} 17. Nd5 {[%emt 0:04:58]} Nxd5 {[%emt 0:01:16]} 18. Bxd5 {[%emt 0:00:06]} Bb7 {[%emt 0:05:36]} 19. Bg2 {[%emt 0:02:57]} Bxg2 {[%emt 0:01:38]} 20. Kxg2 {[%emt 0:00:17]} Rb3 {[%emt 0:00:36]} 21. Rfd1 {[%emt 0:01:09]} Qc7 {[%emt 0:00:43]} 22. Rdc1 {[%emt 0:01:35]} Rfb8 {[%emt 0:00:40]} 23. Qxd4+ {[%emt 0:00:39]} e5 {[%emt 0:00:52]} 24. Qc4 {[%emt 0:02:33]} Qc6+ {[%emt 0:01:22]} 25. Kg1 {[%emt 0:02:37]} R8b5 {[%emt 0:00:53]} 26. Ng2 {[%emt 0:04:07]} Qf3 {[%emt 0:03:24]} 27. Ne1 {[%emt 0:03:49]} Qf6 {[%emt 0:00:55]} 28. Kg2 Qe7 29. Nc2 {[%emt 0:07:07]} Qf6 {[%emt 0:07:42]} 30. Ne3 {[%emt 0:01:57]} Qe6 {[%emt 0:04:37]} 31. Qxe6 {[%emt 0:03:16]} fxe6 {[%emt 0:00:07]} 32. Nc4 {[%emt 0:00:24]} Rxd3 {[%emt 0:00:28]} 33. Rd1 {[%emt 0:02:50]} Rxd1 {[%emt 0:00:18]} 34. Rxd1 {[%emt 0:00:02]} d5 {[%emt 0:00:10]} 35. Nxe5 {[%emt 0:00:43]} Rxb2 {[%emt 0:00:09]} 36. Nd3 {[%emt 0:01:51]} Rb5 {[%emt 0:01:08]} 37. Nf4 {[%emt 0:02:27]} Kf6 {[%emt 0:00:30]} 38. Re1 {[%emt 0:00:30]} Rb6 {[%emt 0:00:15]} 39. h4 {[%emt 0:03:08]} c4 {[%emt 0:00:26]} 40. Rd1 {[%emt 0:00:00]} Rc6 {[%emt 0:02:03]} 41. Kf3 {[%emt 0:02:10]} h6 {[%emt 0:00:26]} 42. Ke3 {[%emt 0:01:25]} g5 {[%emt 0:00:11]} 43. hxg5+ {[%emt 0:01:10]} hxg5 {[%emt 0:00:02]} 44. Ne2 {[%emt 0:02:21]} Rb6 {[%emt 0:00:21]} 45. a4 {[%emt 0:10:46]} Rb3+ {[%emt 0:00:22]} 46. Kd4 Ra3 {[%emt 0:00:39]} 47. f4 {[%emt 0:02:56]} gxf4 {[%emt 0:00:39]} 48. Nxf4 {[%emt 0:01:01]} Rxa4 {[%emt 0:00:43]} 49. Nxd5+ {[%emt 0:08:35]} exd5 50. Kxd5 {[%emt 0:01:02]} Ra3 {[%emt 0:06:15]} 1/2-1/2